Možnosti predchádzania a obmedzovania odpadov v podniku
Maloodpadové a bezodpadové technológie ako praktické aplikovanie poznatkov, metód a prostriedkov umožňujúcich v rámci potrieb človeka dosiahnuť racionálne využívanie zdrojov surovín, energie a ochrany životného prostredia, pričom pojem „bezodpadový“ považujeme za technické a technologické optimum, k...
Saved in:
| Main Author: | |
|---|---|
| Other Authors: | |
| Format: | Book Chapter |
| Language: | Slovak |
| Subjects: | |
| Tags: |
No Tags, Be the first to tag this record!
|
MARC
| LEADER | 00000nla$a2200000$$$4500 | ||
|---|---|---|---|
| 001 | 0110690 | ||
| 005 | 20240502072226.1 | ||
| 041 | 0 | |a slo | |
| 044 | |a SK | ||
| 245 | 1 | 0 | |a Možnosti predchádzania a obmedzovania odpadov v podniku |c Júlia Vybíralová, Vladimír Polačko |
| 520 | |a Maloodpadové a bezodpadové technológie ako praktické aplikovanie poznatkov, metód a prostriedkov umožňujúcich v rámci potrieb človeka dosiahnuť racionálne využívanie zdrojov surovín, energie a ochrany životného prostredia, pričom pojem „bezodpadový“ považujeme za technické a technologické optimum, ku ktorému bude snaha sa limitne približovať. Praktické uplatňovanie máloodpadových a bezodpadových technológií. | ||
| 610 | 2 | 0 | |a ochrana prostredia životného |
| 610 | 2 | 0 | |a výroba ekologická |
| 610 | 2 | 0 | |a technológie bezodpadové |
| 610 | 2 | 0 | |a technológie nové |
| 100 | 1 | |a Vybíralová, Júlia | |
| 700 | 1 | |a Polačko, Vladimír | |